Statistics for Slavic Languages

Click here to take the quiz!

General Stats

  • This quiz has been taken 16,718 times
    (16,648 since last reset)
  • The average score is 8 of 10

Answer Stats

Native Speakers Language % Correct
155 milRussian
96%
19 milSerbo-Croatian
93%
40 milPolish
86%
5.5 milSlovak
85%
10 milCzech
83%
30 milUkrainian
82%
9 milBulgarian
79%
2.1 milSlovenian
77%
7.6 milBelarusian
68%
2 milMacedonian
62%

Score Distribution

Percentile by Number Answered

Percent of People with Each Score

Your Score History

You have not taken this quiz since the last reset